000 00510nam a2200181Ia 4500
008 090124s9999 xx 000 0 und d
082 _b24228
100 _aजोगळेकर योगिनी
245 _a चैती
250 _a0
260 _bदिलीप प्रकाशन
_c1986
300 _a142
600 _aजोगळेकर योगिनी
630 _a चैती
700 _aजोगळेकर योगिनी
730 _a चैती
942 _cBOOK
999 _c92714
_d92714